| 000 | 00852nam a2200241 a 4500 | ||
|---|---|---|---|
| 001 | BRCA_8426 | ||
| 005 | 20190320210256.0 | ||
| 008 | 271106s2014----mx-a######---#000-0#spa-d | ||
| 040 |
_aDLC _cDLC |
||
| 041 | _aspa | ||
| 044 | _amx | ||
| 050 | 4 |
_aCD3650 _b.G85 2014 |
|
| 245 | 1 | 0 | _aGuía de archivos y bibliotecas privados. |
| 250 | _a3 | ||
| 260 |
_aMéxico _bAsociación Mexicana de Archivos y Bibliotecas Privados, A. C. (AMABPAC) _c2014 |
||
| 300 |
_a173 p. _bil. _c21 cm. |
||
| 500 | _aIncluye información de la Biblioteca Rogerio Casas-Alatriste H. Museo Franz Mayer, p. 99 | ||
| 650 | 1 | 4 |
_aArchivos personales _vDirectorios _zMéxico _9871 |
| 650 | 1 | 4 |
_aBibliotecas privadas _vDirectorios _zMéxico _9872 |
| 651 | 4 |
_aMéxico _vFuentes _xHistoria _9873 |
|
| 710 | 2 |
_aAsociación Mexicana de Archivos y Bibliotecas Privados _9874 |
|
| 942 |
_2lcc _cB |
||
| 999 |
_c8093 _d8093 |
||